Statistics for Real Madrid vs Bayer Leverkusen 2002

Click here to take the quiz!

General Stats

  • This quiz has been taken 253 times
  • The average score is 13 of 30

Answer Stats

HintAnswer% Correct
MDZidane
96%
SBCasillas
93%
FWRaul
86%
MDFigo
80%
DEFHierro
78%
DEFRoberto Carlos
78%
DEFSalgado
63%
FWMorientes
62%
MDBallack
61%
MDMakelele
52%
DEFHelguera
51%
DEFLucio
47%
Cdel Bosque
44%
MDSolari
37%
GKButt
33%
SBMcManaman
32%
FWNeuville
29%
GKCesar Sanchez
28%
MDSchneider
28%
SBBerbatov
26%
MDRamelow
26%
SBKirsten
21%
DEFPlacente
20%
MDBasturk
14%
CToppmoller
13%
DEFZivkovic
12%
MDBrdaric
11%
DEFSebescen
11%
SBConceicao
10%
SBBabic
9%

Score Distribution

Percentile by Number Answered

Percent of People with Each Score

Your Score History

You have not taken this quiz